LDR 01275naa#a2200205#i#450# 001 RU\INFRA-M\bibl\100037 005 20260428062948.2 011 ## _a1998-0744 100 ## _a20251105b2025####ek#y0rusy0150####ca 102 ## _aRU 200 1# _aМетодика организации курсовых работ в техническом вузе с применением электронных библиотек _eЖурнальная статья 210 1# _aМосква _cОбщество с ограниченной ответственностью «Научно-издательский центр ИНФРА-М» _d2025 215 ## _a8 с. 608 ## _aЖурнальная статья _2local 675 ## _aТеоретическая педагогика. 37.013.46 _aОбразование. Воспитание. Обучение. Организация досуга. 37 _z 686 ## _aПрофессиональное и специальное образование. 745 _2bbk 686 ## _aПедагогика высшей школы. 3662 _2tbk 686 ## _aВысшее профессиональное образование. Педагогика высшей профессиональной школы. 14.35 _2grnti 700 #1 _aГуриков _gС. Р. 856 4# _anaukaru.ru _u